00456nam a22001697a 4500003000500000005001700005008004100022020001300063050002100076082001900097100001800116245004900134260005800183300002100241562000600262700001800268SISC20160303092500.0130723t xxu||||| |||| 00| 0 eng d a18532617 aPZ 8b.G864 1996 aCLAbG88g 1996 aGrimm, J.L.C. aGrimm's fairy tales / cJ.L.C. & W.C. Grimm. aGreat Britain : bWordsworth,c c1993 (1996 rprntd).  a272 p. ;c18 cm. e1 aGrimm, J.L.C.